Rodová rovnosť 2012

Salvato in:
Dettagli Bibliografici
Natura: Libro
Lingua:slovacco
inglese
Pubblicazione: Košice Štatistický úrad Slovenskej republiky - pracovisko ŠÚ SR v Košiciach 2012
Soggetti:
Tags: Aggiungi Tag
Nessun Tag, puoi essere il primo ad aggiungerne!!

MARC

LEADER 00000nlm$a2200000$$$4500
001 0211295
005 20240827082936.9
020 |a 978-80-8121-219-2 
041 0 |a slo 
041 0 |a eng 
044 |a SK 
245 1 0 |a Rodová rovnosť 2012 
264 1 |a Košice  |b Štatistický úrad Slovenskej republiky - pracovisko ŠÚ SR v Košiciach  |c 2012 
300 |a 191 s. 
500 |a Zdroj dokumentu: Štatistický úrad SR 
610 2 0 |a rovnosť rodová 
610 2 0 |a ženy 
610 2 0 |a muži 
610 2 0 |a demografia 
610 2 0 |a trh práce 
610 2 0 |a štatistika sociálna 
610 2 0 |a zdravie 
610 2 0 |a vzdelávanie 
610 2 0 |a veda 
610 2 0 |a technika 
610 2 0 |a kriminalita 
610 2 0 |a súdnictvo 
610 2 0 |a voľby 
610 2 0 |a údaje štatistické medzinárodné 
610 2 0 |a Slovensko